THE LIBRARY : (Record no. 177794)

MARC details
000 -LEADER
fixed length control field 01378nam a22003011i 4500
005 - DATE AND TIME OF LATEST TRANSACTION
control field 20200806163801.0
008 - FIXED-LENGTH DATA ELEMENTS--GENERAL INFORMATION
fixed length control field 200623t20182017cau e 000 0 eng d
020 ## - INTERNATIONAL STANDARD BOOK NUMBER
International Standard Book Number 9781640090200
Qualifying information hardback
040 ## - CATALOGING SOURCE
Original cataloging agency PPAK
Language of cataloging eng
Transcribing agency PPAK
Description conventions rda
082 04 - DEWEY DECIMAL CLASSIFICATION NUMBER
Edition number 23
Classification number 027.009
090 00 - LOCALLY ASSIGNED LC-TYPE CALL NUMBER (OCLC); LOCAL CALL NUMBER (RLIN)
Classification number (OCLC) (R) ; Classification number, CALL (RLIN) (NR) 027.009
Feature heading KEL
Feature heading LCK
100 1# - MAIN ENTRY--PERSONAL NAME
Personal name Kells, Stuart
Relator term author.
245 14 - TITLE STATEMENT
Title THE LIBRARY :
Remainder of title A CATALOGUE OF WONDERS /
Statement of responsibility, etc. STUART KELLS
250 ## - EDITION STATEMENT
Edition statement First Counterpoint hardcover edition.
264 #1 - PRODUCTION, PUBLICATION, DISTRIBUTION, MANUFACTURE, AND COPYRIGHT NOTICE
Place of production, publication, distribution, manufacture Berkeley, California :
Name of producer, publisher, distributor, manufacturer Counterpoint,
Date of production, publication, distribution, manufacture, or copyright notice 2018.
Date of production, publication, distribution, manufacture, or copyright notice ©2017
300 ## - PHYSICAL DESCRIPTION
Extent xvi, 269 pages ;
Dimensions 24 cm.
336 ## - CONTENT TYPE
Source rdacontent
Content type term text
337 ## - MEDIA TYPE
Source rdamedia
Media type term unmediated
338 ## - CARRIER TYPE
Source rdacarrier
Carrier type term volume
500 ## - GENERAL NOTE
General note "First published in 2017 by The Text Publishing Company, Melbourne, Australia" -- verso.
504 ## - BIBLIOGRAPHY, ETC. NOTE
Bibliography, etc. note Includes bibliographical references.
520 ## - SUMMARY, ETC.
Summary, etc. From the Bodleian, the Folger and the Smithsonian to the fabled libraries of Middle Earth and other fictional libraries, Kells explores the bookish places that capture our imaginations. The result is a fascinating and engaging exploration of libraries as places of beauty and wonder, a celebration of books as objects and an account of the deeply personal nature of these hallowed spaces.
650 10 - SUBJECT ADDED ENTRY--TOPICAL TERM
Topical term or geographic name entry element Libraries
General subdivision History.
Topical term or geographic name entry element Books and reading.
Topical term or geographic name entry element Libraries
General subdivision Appreciation.
942 ## - ADDED ENTRY ELEMENTS (KOHA)
Source of classification or shelving scheme Dewey Decimal Classification
Koha item type Book
Holdings
Withdrawn Not for loan Current library Shelving location Date acquired Total Checkouts Full call number Barcode Date last seen Date last checked out Koha item type
    Perpustakaan Alor Setar American Corner 12/08/2020 1 LCK 027.009 KEL A00739028 27/08/2022 31/07/2022 Book